LEADER 04274nam 2200853 450 001 9910485585203321 005 20170816154321.0 010 $a3-653-99490-X 010 $a3-653-03232-6 035 $a(CKB)3710000000090198 035 $a(EBL)1632203 035 $a(SSID)ssj0001111943 035 $a(PQKBManifestationID)11593199 035 $a(PQKBTitleCode)TC0001111943 035 $a(PQKBWorkID)11157376 035 $a(PQKB)11223262 035 $a(MiAaPQ)EBC1632203 035 $a(oapen)https://directory.doabooks.org/handle/20.500.12854/70827 035 $a(PPN)22912819X 035 $a(EXLCZ)993710000000090198 100 $a20140313h20142014 uy 0 101 0 $aeng 135 $aur|n|---||||| 181 $ctxt 182 $cc 183 $acr 200 10$aEvoking Polish memory $estate, self and the Communist past in transition /$fAnna Witeska-Mlynarczyk 210 $aBern$cPeter Lang International Academic Publishing Group$d2014 210 1$aFrankfurt am main, [Germany] :$cPeter Lang Edition,$d2014. 210 4$d©2014 215 $a1 online resource (255 p.) 225 0 $aWarsaw Studies in Contemporary History,$x2195-1187 ;$vVolume 3 300 $aDescription based upon print version of record. 311 $a3-631-64163-X 320 $aIncludes bibliographical references. 327 $aCover; Acknowledgements; Preface; Contents; Notes on Transcription; Introduction; Chapter One. Hidden Dialogicality: personal memory, expert knowledge, historical policy, and pedagogy of patriotism; Chapter Two. The Mediating Role of the State in a Social Practice of Acquiring a Hero/Victim Subject Position; Chapter Three. Religious Framework for Embodied Mutual Orientation: a hero/victim experience situated in the Catholic Church; Chapter Four.The Archbishop is not the Church! Talk in the Association as a collaborative moral action 327 $aChapter Five. The Space of Ambiguity: between the collectively enacted frames and the experience of the self in timeChapter Six. Between Acknowledgement and Erasure: socialdynamics behind the production of political identities materialized in the public space; Chapter Seven. The Factory of Pathologies: collectivized imageries about the former security officers under the democratic state; Chapter Eight. Excavating Memories of Political Violence in a 'Lawful' State: a case-study of a security officer's trial; Chapter Nine. Resolving Disorientation through Narrative:two case-studies; Conclusion 327 $aBibliography 330 $aThe book offers an interdisciplinary but very grounded look at the question of memory politics in contemporary Poland. It describes the conflicting ways in which two groups of people - the former anti-communist activists and the former officers of the repressive regime - have actively engaged in representations and claims about the communist past in the contemporary reality of one Polish town. The material is based on ethnographic fieldwork conducted during the years 2006-2008. The author focuses on the processes of reconstruction of memories and subjectivities taking place at the intersection 606 $aHistoriography$xPolitical aspects$zPoland 606 $aMemory$xPolitical aspects$zPoland 606 $aPost-communism$zPoland 606 $aCollective memory$zPoland 606 $aGroup identity$zPoland 606 $aEthnology$zPoland 610 $aCommunist 610 $aErinnerung 610 $aEvoking 610 $aGeschichtlichkeit 610 $aKommunismus 610 $aMemory 610 $amemory landscape 610 $aMlynarczyk 610 $aPolish 610 $apolitische Gewalt 610 $aPolitische Identität 610 $aState 610 $aTransition 610 $aWiteska 615 0$aHistoriography$xPolitical aspects 615 0$aMemory$xPolitical aspects 615 0$aPost-communism 615 0$aCollective memory 615 0$aGroup identity 615 0$aEthnology 676 $a943.805072 700 $aWiteska-Mlynarczyk$b Anna$f1973-$0861875 801 0$bMiAaPQ 801 1$bMiAaPQ 801 2$bMiAaPQ 906 $aBOOK 912 $a9910485585203321 996 $aEvoking Polish memory$91923502 997 $aUNINA LEADER 04078nam 2200577Ia 450 001 9910777340503321 005 20230607214646.0 035 $a(CKB)1000000000000369 035 $a(OCoLC)70773943 035 $a(CaPaEBR)ebrary10032123 035 $a(SSID)ssj0000276639 035 $a(PQKBManifestationID)11237821 035 $a(PQKBTitleCode)TC0000276639 035 $a(PQKBWorkID)10232935 035 $a(PQKB)10784939 035 $a(MiAaPQ)EBC3115768 035 $a(Au-PeEL)EBL3115768 035 $a(CaPaEBR)ebr10032123 035 $a(OCoLC)927515273 035 $a(EXLCZ)991000000000000369 100 $a20020404d2002 uy 0 101 0 $aeng 135 $aurcn||||||||| 181 $ctxt 182 $cc 183 $acr 200 00$aAcross the Anatolian plateau$b[electronic resource] $ereadings in the archaeology of ancient Turkey /$fedited by David C. Hopkins 210 $aBoston, MA $cAmerican Schools of Oriental Research$d2002 215 $a1 online resource (219 p.) 225 1 $aThe annual of the American Schools of Oriental Research ;$vv. 57 300 $aBibliographic Level Mode of Issuance: Monograph 311 $a0-89757-053-7 320 $aIncludes bibliographical references and index. 327 $aAn overview of Anatolian archaeology / Ronald L. Gorney -- Plants and people in ancient Anatolia / Mark Nesbitt -- Urban planning and the archaeology of society at early Bronze Age Titris? Ho?yu?k / Timothy Matney -- Swords, armor, and figurines : a metalliferous view from the central Taurus / K. Asl?han Yener -- Environment, archaeology, and history in Hittite Anatolia / Ronald L. Gorny -- The history of the Hittites / Gregory McMahon -- The great temple in Bog?azko?y-H?attus?a / Peter Neve -- The power of narrative in Hittite literature / Ahmet U?nal -- Hittite pottery and potters : the view from late Bronze Age Gordion / Robert C. Henrickson -- The religion of the Hittites / Gary Beckman -- A Hittite seal from Megiddo / Itamar Singer -- An Urartian Ozymandias / Paul Zimansky -- King or God? imperial iconography and the "Tiarate head" coins of Achaemenid Anatolia / Elspeth R. M. Dusinberre -- Lydian houses, domestic assemblages, and household size / Nicholas Cahill -- Gordion : the rise and fall of an Iron Age capital / Mary M. Voigt -- New research on the city plan of ancient Aphrodisias / . 327 $aAn overview of Anatolian archaeology / Ronald L. Gorney -- Plants and people in ancient Anatolia / Mark Nesbitt -- Urban planning and the archaeology of society at early Bronze Age Titris? Ho?yu?k / Timothy Matney -- Swords, armor, and figurines : a metalliferous view from the central Taurus / K. Asl?han Yener -- Environment, archaeology, and history in Hittite Anatolia / Ronald L. Gorny -- The history of the Hittites / Gregory McMahon -- The great temple in Bog?azko?y-H?attus?a / Peter Neve -- The power of narrative in Hittite literature / Ahmet U?nal -- Hittite pottery and potters : the view from late Bronze Age Gordion / Robert C. Henrickson -- The religion of the Hittites / Gary Beckman -- A Hittite seal from Megiddo / Itamar Singer. 327 $aAn Urartian Ozymandias / Paul Zimansky -- King or God? Imperial iconography and the "Tiarate head" coins of Achaemenid Anatolia / Elspeth R. M. Dusinberre -- Lydian houses, domestic assemblages, and household size / Nicholas Cahill -- Gordion : the rise and fall of an Iron Age capital / Mary M. Voigt -- New research on the city plan of ancient Aphrodisias / Christopher Ratte?. 410 0$aAnnual of the American Schools of Oriental Research ;$vv. 57. 606 $aExcavations (Archaeology)$zTurkey 606 $aHittites$zTurkey 607 $aTurkey$xAntiquities 615 0$aExcavations (Archaeology) 615 0$aHittites 676 $a939/.2 701 $aHopkins$b David C.$f1952-$01485528 801 0$bMiAaPQ 801 1$bMiAaPQ 801 2$bMiAaPQ 906 $aBOOK 912 $a9910777340503321 996 $aAcross the Anatolian plateau$93704722 997 $aUNINA